000 00548nam a2200193 a 4500
005 20240925070026.0
008 040520s1976 mx r 000 0 spa d
020 _a8425206154
035 _aUPN01000133508
049 _aCG
050 4 _aHT166
_bR6.28
100 1 _aRossi, Aldo
245 1 3 _aLa arquitectura de la ciudad /
_cAldo Rossi ; vers. de Josep María Ferrer-Ferrer y Salvador Tarragó Cid.
260 _aBarcelona :
_bG. Gili,
_c1976.
300 _a239 p.
440 0 _aPunto y línea
650 4 _aUrbanismo
_91148
905 _aLibro
999 _c105659
_d105659